书目信息 |
| 题名: |
三江源生态移民的文化变迁与身份认同研究
|
|
| 作者: | 付海鸿 著 | |
| 分册: | ||
| 出版信息: | 北京 中国社会科学出版社 2017 |
|
| 页数: | 15,283页 | |
| 开本: | 24cm | |
| 丛书名: | ||
| 单 册: | ||
| 中图分类: | D632.4 | |
| 科图分类: | ||
| 主题词: | 移民安置--yi min an zhi--研究--青海 | |
| 电子资源: | ||
| ISBN: | 978-7-5161-9036-4 | |
| 000 | 01218nam0 22002531 450 | |
| 001 | 0119171346 | |
| 005 | 20170619171346.0 | |
| 010 | @a978-7-5161-9036-4@dCNY66.00 | |
| 100 | @a20170427d2017 em y0chiy50 ea | |
| 101 | 0 | @achi |
| 102 | @aCN@b110000 | |
| 105 | @aab z 000yy | |
| 106 | @ar | |
| 200 | 1 | @a三江源生态移民的文化变迁与身份认同研究@9san jiang yuan sheng tai yi min de wen hua bian qian yu shen fen ren tong yan jiu@e以格尔木昆仑民族文化村为例@f付海鸿著 |
| 210 | @a北京@c中国社会科学出版社@d2017 | |
| 215 | @a15,283页@c图,地图@d24cm | |
| 300 | @a教育部人文社科基金项目“西部与边疆项目”:“青海三江源生态移民的文化变迁与身份认同研究” | |
| 330 | @a本书基于作者及课题组成员长期的田野考察与思考,以青海省格尔木昆仑民族文化村个案,从饮食文化、后续产业发展、日常宗教生活、移民子女教育选择四个方面入手,以民族志的方法客观记录了三江源生态移民在迁入地的生活情态,并对其中所蕴含的文化变迁与身份认同问题作了辨析。 | |
| 517 | 1 | @a以格尔木昆仑民族文化村为例@9yi ge er mu kun lun min zu wen hua cun wei li |
| 606 | 0 | @a移民安置@9yi min an zhi@x研究@y青海 |
| 690 | @aD632.4@v5 | |
| 701 | 0 | @a付海鸿@9fu hai hong@c(女,@f1978.12-)@4著 |
| 801 | 0 | @aCN@b百万庄@c20170617 |
| 905 | @b1013205-10@dD632.4@e292@f6 | |
| 三江源生态移民的文化变迁与身份认同研究:以格尔木昆仑民族文化村为例/付海鸿著.-北京:中国社会科学出版社,2017 |
| 15,283页:图,地图;24cm |
| 教育部人文社科基金项目“西部与边疆项目”:“青海三江源生态移民的文化变迁与身份认同研究” |
| ISBN 978-7-5161-9036-4:CNY66.00 |
| 本书基于作者及课题组成员长期的田野考察与思考,以青海省格尔木昆仑民族文化村个案,从饮食文化、后续产业发展、日常宗教生活、移民子女教育选择四个方面入手,以民族志的方法客观记录了三江源生态移民在迁入地的生活情态,并对其中所蕴含的文化变迁与身份认同问题作了辨析。 |
| ● |
| 相关链接 |
|
|
|
|
正题名:三江源生态移民的文化变迁与身份认同研究
索取号:D632.4/292
 
预约/预借
| 序号 | 登录号 | 条形码 | 馆藏地/架位号 | 状态 | 备注 |
| 1 | 1013205 | 210132051 | 第一样本阅览室/ [索取号:D632.4/292] | 在馆 | |
| 2 | 1013206 | 210132060 | 教育系资料室/ [索取号:D632.4/292] | 在馆 | |
| 3 | 1013207 | 210132079 | 教育系资料室/ [索取号:D632.4/292] | 在馆 | |
| 4 | 1013208 | 210132088 | 教育系资料室/ [索取号:D632.4/292] | 在馆 | |
| 5 | 1013209 | 210132097 | 第一借阅区/ [索取号:D632.4/292] | 在馆 | |
| 6 | 1013210 | 210132104 | 第一借阅区/ [索取号:D632.4/292] | 在馆 |